000 00619nam a22001937a 4500
005 20251108165931.0
008 250721s1979 xx 000 0 ara d
082 1 4 _aط/372.6/شير
100 1 _aالخطيب، أحمد
_eرسام
245 1 0 _aالاشكال /
264 1 _aلافبورو :
_bليذيبرد بوك ليمتد،
_c1979.
300 _a51ص.
490 0 _aمصور بالالوان - سلسلة ليديبرد
650 1 7 _aلغة عربية
650 1 7 _aدراسة و تدريس
653 _aأطفال ما قبل المدرسة ( 0 - 5 سنوات )
942 _2ddc
_cBK
999 _c35212
_d35212